00337nam a22001217a 450000500170000000800410001708200180005810000190007624500280009526000610012330000110018465000200019520260408115034.0260408b |||||||| |||| 00| 0 eng d a351.72bBUD-G aAziz, Shaukat  aBudget Speech 2002-2003 aPakistan bGovernment of Pakistan Finance Divisionc2003 a103 p. aAllied Material